Design And Development of Simplex Atomizer [Electronic Resource : Project Report] (Record no. 256691)

MARC details
000 -LEADER
fixed length control field 00975nam a2200169Ia 4500
008 - FIXED-LENGTH DATA ELEMENTS--GENERAL INFORMATION
fixed length control field 240126s9999 xx 000 0 und d
041 ## - LANGUAGE CODE
Language code of text/sound track or separate title English
082 ## - DEWEY DECIMAL CLASSIFICATION NUMBER
Classification number PRME07-1135
100 ## - MAIN ENTRY--PERSONAL NAME
Personal name Hegde, Shashank G, Srinidhi S,Sudarshan P N
245 #0 - TITLE STATEMENT
Title Design And Development of Simplex Atomizer [Electronic Resource : Project Report]
Remainder of title Jagadeesh, Y J
260 ## - PUBLICATION, DISTRIBUTION, ETC.
Name of publisher, distributor, etc. PESIT, Dept. of ME,
Place of publication, distribution, etc. Bangalore
440 ## - SERIES STATEMENT/ADDED ENTRY--TITLE
Title NULL
520 ## - SUMMARY, ETC.
Summary, etc. Fuel injectors form the main part of combustion system of an aircraft. The combustion system basically determines the power or thrust that the engine provides. The design of the combustion system is critical for the optimum performance of the engine. A jet engine whose thrust is in the range of 20 to 60 pounds is known as a micro-jet engine. Micro-jet engines find applications on such platforms like unmanned aerial vehicles, pilotless target aircraft etc.
650 ## - SUBJECT ADDED ENTRY--TOPICAL TERM
Topical term or geographic name entry element Mechanical
650 ## - SUBJECT ADDED ENTRY--TOPICAL TERM
Topical term or geographic name entry element Simplex,Atomizer,Project,Report
942 ## - ADDED ENTRY ELEMENTS (KOHA)
Koha item type Project Reports
Holdings
Date last seen Total checkouts Full call number Accession number Volume/Issue Number Price effective from Category Lost status Damaged status Department Withdrawn status Home library Current library Shelving location Entry date Grants Billdate Currency symbol Conversion rate Discount Old discount
26/01/2024   PRME07-1135 PR1135 (29/06/1905) 26/01/2024 Project Reports     Central Library   Central Library Central Library Central Library   ME/PG 31/03/2011 RS 1    

© For any Suggestions or Query, please contact the library staff @ librarian@pes.edu or Phone: +9180 2672 1983/ 2108.